000 00795cam a2200253 4500
999 _c8131
_d8131
001 4632523
003 OSt
005 20230412101429.0
008 720320s1972 paua 001 0 eng
010 _a 78146022
020 _a0812103378
040 _aDLC
_cDLC
_dDLC
050 0 0 _aRC683.5.E5
_bB78 1972
082 0 0 _aWG 140B892 1972
100 1 _aBurch, George E.
_q(George Edward ),
_d1910-
_916608
245 1 2 _aA primer of electrocardiography
_c[by] George E. Burch [and] Travis Winsor.
250 _a6th ed.
260 _aPhiladelphia,
_bLea & Febiger,
_c1972.
300 _axiv, 292 p.
_billus.
_c25 cm.
650 0 _aElectrocardiography.
_914848
700 1 _aWinsor, Travis,
_d1914-
_ejoint author.
_916609
906 _a7
_bcbc
_corignew
_d2
_encip
_f19
_gy-gencatlg
942 _2ddc
_cO_SHELF